000 01039cab a2200325 4500
001 ABS51458
008 090401t1994 xxu||||| |||| 00| 0 eng d
035 _a(Sirsi) u28140
041 _aeng
100 _aClark, T.
245 _aCaveat emptor or nothing but the truth
260 _c1994
350 _a0
490 _aEstate Agent
_vOctober 1994, 16-17(2)
520 _aDiscusses case law contradicting `caveat emptor` and the position of the estate agent in complying with the Property Misdescriptions Act.
650 _aBELL V LEVER BROS
650 _aCAVEAT EMPTOR
650 _aDISCLOSURE
650 _aGORDON V SELICO CO LTD
650 _aMATERIAL FACTS
650 _aNON-DISCLOSURE OF MATERIAL FACT
650 _aNON-DISCLOSURE
650 _aPROPERTY MISDESCRIPTIONS ACT 1991
650 _aRIGNALL DEVELOPMENTS LTD V HALIL
650 _aVENDOR AND PURCHASER
690 _aMANAGEMENT-BUSINESS MANAGEMENT-PROFESSIONAL PRACTICE
690 _aPROPERTY LAW AND PRACTICE
942 _n0
948 _c04/03/1997
999 _c18975
_d18975